|
|
|
|
| LEADER |
00000cam a22000004a 4500 |
| 001 |
musev2_41010 |
| 003 |
MdBmJHUP |
| 005 |
20230905044311.0 |
| 006 |
m o d |
| 007 |
cr||||||||nn|n |
| 008 |
150116s2015 azu o 00 0 eng d |
| 020 |
|
|
|a 9780816532407
|
| 020 |
|
|
|z 9780816531813
|
| 035 |
|
|
|a (OCoLC)914325860
|
| 040 |
|
|
|a MdBmJHUP
|c MdBmJHUP
|
| 100 |
1 |
|
|a Holm, Tom,
|d 1946-
|e author.
|
| 245 |
1 |
0 |
|a Anadarko :
|b A Kiowa Country Mystery /
|c Tom Holm.
|
| 264 |
|
1 |
|a Tucson :
|b The University of Arizona Press,
|c 2015.
|
| 264 |
|
3 |
|a Baltimore, Md. :
|b Project MUSE,
|c 2015
|
| 264 |
|
4 |
|c ©2015.
|
| 300 |
|
|
|a 1 online resource (248 pages).
|
| 336 |
|
|
|a text
|b txt
|2 rdacontent
|
| 337 |
|
|
|a computer
|b c
|2 rdamedia
|
| 338 |
|
|
|a online resource
|b cr
|2 rdacarrier
|
| 520 |
|
|
|a "This is the second installment of the story begun in "The Osage Rose." Set in 1923, two years after the first novel, this sequel follows two detectives, the Irish ex-cop J.D. Daugherty, and the part-time detective/part time auto mechanic/fulltime Oklahoma Cherokee Hoolie Smith as they investigate the disappearance of a white geologist, Frank Shotz. The novel is set in the aftermath of the violent Tulsa race riots in June 1921 and moves between its primary setting--the small town of Anadarko, Oklahoma and the adjacent Kiowa allotments--and the secondary setting of Tulsa. It is 1923 and Prohibition is in full swing, thus the two private detectives' investigation into what seems to be a simple missing persons case ultimately brings to light a web of murder, graft, and injustice tied to a network of bootlegging."
|c Provided by the publisher.
|
| 588 |
|
|
|a Description based on print version record.
|
| 650 |
|
7 |
|a Prohibition.
|2 fast
|0 (OCoLC)fst01078761
|
| 650 |
|
7 |
|a Kiowa Indians.
|2 fast
|0 (OCoLC)fst00987810
|
| 650 |
|
7 |
|a Distilling, Illicit.
|2 fast
|0 (OCoLC)fst00895555
|
| 650 |
|
6 |
|a Distillation clandestine d'alcool
|z Oklahoma
|v Romans, nouvelles, etc.
|
| 650 |
|
6 |
|a Kiowa (Indiens)
|z Oklahoma
|v Romans, nouvelles, etc.
|
| 650 |
|
0 |
|a Prohibition
|z Oklahoma
|v Fiction.
|
| 650 |
|
0 |
|a Distilling, Illicit
|z Oklahoma
|v Fiction.
|
| 650 |
|
0 |
|a Kiowa Indians
|z Oklahoma
|v Fiction.
|
| 651 |
|
7 |
|a Oklahoma.
|2 fast
|0 (OCoLC)fst01205031
|
| 655 |
|
7 |
|a Fiction.
|2 fast
|0 (OCoLC)fst01423787
|
| 655 |
|
7 |
|a Electronic books.
|2 local
|
| 710 |
2 |
|
|a Project Muse.
|e distributor
|
| 830 |
|
0 |
|a Book collections on Project MUSE.
|
| 856 |
4 |
0 |
|z Texto completo
|u https://projectmuse.uam.elogim.com/book/41010/
|
| 945 |
|
|
|a Project MUSE - Custom Collection
|
| 945 |
|
|
|a Project MUSE - 2015 Poetry, Fiction and Creative Non-Fiction
|
| 945 |
|
|
|a Project MUSE - 2015 Complete
|